STOCKHOLM BLUE LINE - Statistics

General Stats
  • This quiz has been taken 31 times
  • The average score is 9 of 15
Answers on the Grid
Answers color-coded by a green-red scale on the quiz's grid according to % correct below.
Hjulsta
Sätra
Fruängen
Kista
Solna strand
Solna centrum
Huvudsta
Liljeholmen
Hornstull
Högdalen
Kungsträdgården
Duvbo
Sockenplan
Odenplan
Medborgarplatsen
Västra skogen
Akalla
Tensta
Farsta strand
Stadion
T-centralen
Gamla stan
Slussen
Stadshagen
Rinkeby
Hallonbergen
Rissne
Solna Business Park
Telefonplan
Bagarmossen
 
Answer Stats
Answer % Correct
Kista
75%
Kungsträdgården
75%
Rissne
75%
Solna centrum
75%
Akalla
63%
T-centralen
63%
Västra skogen
63%
Hjulsta
50%
Huvudsta
50%
Rinkeby
50%
Solna strand
50%
Stadshagen
50%
Tensta
50%
Duvbo
38%
Hallonbergen
38%
No matching quizzes found
Score Distribution
Percent of People with Each Score
Percentile by Number Answered
Your Score History
You have not taken this quiz